000 00636nam a22002057a 4500
003 OSt
005 20250829052252.0
008 250829b |||||||| |||| 00| 0 eng d
020 _a0-340-76784-7
040 _cOC
082 _aCirc. 299.67 W222 2000
100 _aWalsch, N.D.
245 _aCommunication with God :
_ban uncommon dialogue
260 _aGreat Britain :
_bHodde and Stoughten,
_cc2000
300 _a229 pages :
_c23 cm.
504 _aIncludes index
650 _2Experience (religion)
650 _2God-knowablesness
942 _2ddc
_cBK-CIRC
_hCirc. 299.67 W222 2000
_kCirc.
_n0
999 _c4337
_d4337